000
00369nam a2200157Ia 4500
008
151213s9999 xx 000 0 und d
100
_a
Peter Brry
245
_a
Beginning Theory
_c
Peter Brry
250
_a
2nd
260
_a
U.K
_b
Manchaster University
_c
1995
300
_a
4222 p.
650
_a
English
650
_a
Literary
700
_a
Peter Brry
999
_c
2646
_d
2646